Statistics for Fastest Test Batsmen to Reach 6000 Runs

Click here to take the quiz!

General Stats

  • This quiz has been taken 16 times
  • The average score is 10 of 17

Answer Stats

Inningsv OppositionGroundTeamBatsman% Correct
120South AfricaBengaluruIndiaSR Tendulkar
100%
68IndiaMelbourneAustraliaDG Bradman
93%
126AustraliaAdelaideWest IndiesBC Lara
86%
111EnglandGeorgetownWest IndiesGS Sobers
79%
125AustraliaAdelaideIndiaR Dravid
71%
111EnglandSydneyAustraliaSPD Smith
71%
117AustraliaAdelaideIndiaSM Gavaskar
64%
126BangladeshChittagongPakistanYounis Khan
64%
116West IndiesKingstonEnglandL Hutton
57%
125Sri LankaColombo (SSC Ground)AustraliaRT Ponting
57%
114South AfricaJohannesburgEnglandWR Hammond
57%
120EnglandPort of SpainWest IndiesIVA Richards
50%
116EnglandGalleSri LankaKC Sangakkara
50%
123Sri LankaMumbai (Brabourne)IndiaV Sehwag
50%
126EnglandLondon (The Oval)AustraliaML Hayden
43%
120West IndiesMultanPakistanMohammed Yousuf
14%
116PakistanLondon (Lord's)EnglandKF Barrington
7%

Score Distribution

Percentile by Number Answered

Percent of People with Each Score

Your Score History

You have not taken this quiz